ការប្រមូលកូនត្រីទីឡាព្យាពីស្រះ និងហាប៉ា (Record no. 3658)
[ view plain ]
| 000 -LEADER | |
|---|---|
| fixed length control field | 00487nam a22001577a 4500 |
| 003 - CONTROL NUMBER IDENTIFIER | |
| control field | OSt |
| 005 - DATE AND TIME OF LATEST TRANSACTION | |
| control field | 20151119141634.0 |
| 008 - FIXED-LENGTH DATA ELEMENTS--GENERAL INFORMATION | |
| fixed length control field | 151119b xxu||||| |||| 00| 0 eng d |
| 040 ## - CATALOGING SOURCE | |
| Transcribing agency | RUA |
| 082 ## - DEWEY DECIMAL CLASSIFICATION NUMBER | |
| Classification number | FIS គាង 1996 B163 Or.1 |
| 100 ## - MAIN ENTRY--PERSONAL NAME | |
| 9 (RLIN) | 3932 |
| Personal name | គាង សេង |
| 245 ## - TITLE STATEMENT | |
| Title | ការប្រមូលកូនត្រីទីឡាព្យាពីស្រះ និងហាប៉ា |
| 260 ## - PUBLICATION, DISTRIBUTION, ETC. (IMPRINT) | |
| Place of publication, distribution, etc. | Phnom penh |
| Name of publisher, distributor, etc. | RUA |
| Date of publication, distribution, etc. | 1996 |
| 300 ## - PHYSICAL DESCRIPTION | |
| Extent | 77p. |
| Other physical details | ill. |
| Dimensions | 29cm. |
| 942 ## - ADDED ENTRY ELEMENTS (KOHA) | |
| Source of classification or shelving scheme | |
| Koha item type | FIS |
| Price effective from | Date last seen | Permanent Location | Not for loan | Date acquired | Source of classification or shelving scheme | Koha item type | Barcode | Lost status | Damaged status | Shelving location | Withdrawn status | Current Location | Full call number |
|---|---|---|---|---|---|---|---|---|---|---|---|---|---|
| 2015-11-19 | 2015-11-19 | Library Block B | 2015-11-19 | FIS | RUA011115 | B163 | Library Block B | FIS គាង 1996 B163 Or.1 | |||||
| 2015-11-19 | 2015-11-19 | Library Block B | 2015-11-19 | FIS | RUA011331 | B163 | Library Block B | FIS គាង 1996 B163 Or.2 | |||||
| 2015-11-19 | 2015-11-19 | Library Block B | 2015-11-19 | FIS | RUA011070 | B163 | Library Block B | FIS គាង 1996 B163 Or.3 | |||||
| 2015-11-19 | 2015-11-19 | Library Block B | 2015-11-19 | FIS | RUA011403 | B163 | Library Block B | FIS គាង 1996 B163 Or.4 | |||||
| 2015-11-19 | 2015-11-19 | Library Block B | 2015-11-19 | FIS | RUA011199 | B163 | Library Block B | FIS គាង 1996 B163 Or.5 | |||||
| 2015-11-19 | 2015-11-19 | Library Block B | 2015-11-19 | FIS | RUA011495 | B163 | Library Block B | FIS គាង 1996 B163 Or.6 | |||||
| 2015-11-19 | 2015-11-19 | Library Block B | 2015-11-19 | FIS | RUA012422 | B163 | Library Block B | FIS គាង 1996 B163 Or.7 | |||||
| 2015-11-19 | 2015-11-19 | Library Block B | 2015-11-19 | FIS | RUA012349 | B163 | Library Block B | FIS គាង 1996 B163 Or.8 | |||||
| 2015-11-19 | 2015-11-19 | Library Block B | 2015-11-19 | FIS | RUA012350 | B163 | Library Block B | FIS គាង 1996 B163 Or.9 | |||||
| 2015-11-19 | 2015-11-19 | Library Block B | 2015-11-19 | FIS | RUA012419 | B163 | Library Block B | FIS គាង 1996 B163 Or.10 |